000 00379nam a2200157Ia 4500
008 221030s9999 xx 000 0 und d
020 _a8177223747
041 _aEnglish
082 _a105.23
_bPan
100 _aJ. A. Parnell
245 0 _aStrategic Management Theory & Practice
260 _bBiztantra
_aNew Delhi
_c2003
300 _a237
650 _aManagement
942 _cBK
999 _c2060
_d2060